Histoire de la litterature ancienne et moderne / (Record no. 164922)

MARC details
000 -LEADER
campo de control de longitud fija 00745nam a2200181 i 4500
001 - NÚMERO DE CONTROL
campo de control 164922
003 - IDENTIFICADOR DE NÚMERO DE CONTROL
campo de control ES-MaACL
005 - FECHA Y HORA DE LA ÚLTIMA TRANSACCIÓN
campo de control 20230906213031.0
008 - DATOS DE LONGITUD FIJA--INFORMACIÓN GENERAL
campo de control de longitud fija 000928s1829 fr |||| | fre d
040 ## - FUENTE DE CATALOGACIÓN
Centro catalogador/agencia de origen EXT
Lengua de catalogación spa
Centro/agencia transcriptor EXT
100 1# - ENTRADA PRINCIPAL--NOMBRE DE PERSONA
Nombre de persona Schlegel, Friedrich (
Fechas asociadas al nombre 1772-1829)
9 (RLIN) 104394
245 10 - MENCIÓN DEL TÍTULO
Título Histoire de la litterature ancienne et moderne /
Mención de responsabilidad, etc. par F. Schlegel; traduit de l'allemand, sur la dernière édition, par William Duckett.
260 ## - PUBLICACIÓN, DISTRIBUCIÓN, ETC.
Lugar de publicación, distribución, etc. Paris :
Nombre del editor, distribuidor, etc. [s.n.] ;
Lugar de publicación, distribución, etc. Genève :
Nombre del editor, distribuidor, etc. [s.n.],
Fecha de publicación, distribución, etc. 1829 (
Fabricante Th. Ballimore, Librarie; Cherbuliez Librarie)
300 ## - DESCRIPCIÓN FÍSICA
Extensión 2 v. (412, 424 p.) ;
Dimensiones 20 cm.
650 ## - PUNTO DE ACCESO ADICIONAL DE MATERIA--TÉRMINO DE MATERIA
Término de materia o nombre geográfico como elemento de entrada Literatura-
Subdivisión general Historia y crítica.
9 (RLIN) 14489
700 1# - ENTRADA AGREGADA--NOMBRE PERSONAL
Nombre de persona Duckett, William (
Fechas asociadas al nombre 1805-1873)
9 (RLIN) 45836
852 ## - LOCALIZACIÓN
Ubicación ES-MaACL
Número de control de estantería G-7914-15
Nota libre -- Enc. hol.
Holdings
Estatus retirado Estado de pérdida Estado de daño No para préstamo Colección Biblioteca de origen Biblioteca actual Ubicación en estantería Fecha de adquisición Total de préstamos Signatura topográfica completa Código de barras Visto por última vez Precio de reemplazo Tipo de ítem Koha
        Libros del s. XIX Biblioteca del Ateneo de Madrid Biblioteca del Ateneo de Madrid Sala Pecera Planta 3 17/01/2008   G-7914-15 1172888 23/02/2023 23/02/2023 Libro impreso antiguo